[Event "Olomouc Chess Summer 2016- A Valoz Cup"]
[Site "Olomouc"]
[Date "2016.08.19"]
[Round "8.1"]
[White "Gurevich, Daniel"]
[Black "Svoboda, Svatopluk"]
[Result "1-0"]
[WhiteElo "2461"]
[BlackElo "2453"]
[PlyCount "51"]
[EventDate "2016.08.13"]

1. e4 c5 2. Nf3 e6 3. d4 cxd4 4. Nxd4 Nc6 5. Nc3 Qc7 6. Be3 a6 7. Be2 Nf6 8. a3
b5 9. Nxc6 dxc6 10. f4 e5 11. O-O Bd6 12. f5 Bb7 13. Bf3 Qe7 14. Bg5 Bc5+ 15.
Kh1 Qc7 16. Qe1 Nd7 17. Qg3 f6 18. Bh5+ Kf8 19. Bd2 Rg8 20. Ne2 Nb6 21. Nf4 Bc8
22. Ne6+ Bxe6 23. fxe6 Be7 24. Bg6 Nc4 25. Bxh7 Nxd2 26. Qg6 1-0

[Event "Olomouc Chess Summer 2016- A Valoz Cup"]
[Site "Olomouc"]
[Date "2016.08.19"]
[Round "8.2"]
[White "Yagupov, Igor"]
[Black "Rasik, Vitezslav"]
[Result "0-1"]
[WhiteElo "2405"]
[BlackElo "2452"]
[PlyCount "46"]
[EventDate "2016.08.13"]

1. e4 d6 2. d4 g6 3. Nc3 Bg7 4. Be3 Nf6 5. Qd2 O-O 6. f3 c6 7. O-O-O b5 8. Bh6
b4 9. Nce2 Qa5 10. Kb1 c5 11. Bxg7 Kxg7 12. e5 dxe5 13. dxe5 Nd5 14. Nf4 Nc3+
15. bxc3 bxc3 16. Qc1 Nc6 17. Ka1 Rb8 18. Bc4 Rb2 19. Nd3 Rxa2+ 20. Bxa2 Be6
21. Qb1 Rb8 22. Nc1 Rxb1+ 23. Kxb1 Bxa2+ 0-1

[Event "Olomouc Chess Summer 2016- A Valoz Cup"]
[Site "Olomouc"]
[Date "2016.08.19"]
[Round "8.3"]
[White "Camarena Gimenez, Rufino"]
[Black "Plischki, Sebastian"]
[Result "1-0"]
[WhiteElo "2403"]
[BlackElo "2384"]
[PlyCount "49"]
[EventDate "2016.08.13"]

1. d4 Nf6 2. c4 e6 3. Nf3 c5 4. d5 d6 5. Nc3 exd5 6. cxd5 g6 7. h3 Bg7 8. Bf4
O-O 9. e3 Na6 10. Be2 Nc7 11. O-O Re8 12. Bh2 a6 13. a4 b6 14. Nd2 Rb8 15. Nc4
Bf8 16. Bf3 Qd7 17. Re1 b5 18. Na5 b4 19. Nb1 Ne4 20. Bxe4 Rxe4 21. Nd2 Re8 22.
e4 Bb7 23. f3 Ba8 24. Ndc4 Qd8 25. Qd2 1-0

[Event "Olomouc Chess Summer 2016- A Valoz Cup"]
[Site "Olomouc"]
[Date "2016.08.19"]
[Round "8.4"]
[White "Gavrilov, Alexei"]
[Black "Neuman, Petr"]
[Result "1/2-1/2"]
[WhiteElo "2456"]
[BlackElo "2454"]
[PlyCount "96"]
[EventDate "2016.08.13"]

1. d4 Nf6 2. c4 g6 3. Nc3 Bg7 4. e4 d6 5. Nf3 O-O 6. Be2 e5 7. O-O exd4 8. Nxd4
Re8 9. f3 Nc6 10. Be3 Nh5 11. Qd2 Nxd4 12. Bxd4 Nf4 13. Rfd1 Bxd4+ 14. Qxd4
Nxe2+ 15. Nxe2 b6 16. Nc3 Bb7 17. Nd5 Bxd5 18. cxd5 Qg5 19. Rac1 Re7 20. Qd2
Qe5 21. Rc4 Rd8 22. Qc3 Qxc3 23. Rxc3 a5 24. Kf2 f5 25. exf5 gxf5 26. Rdc1 Rdd7
27. R1c2 Kg7 28. Kg3 Kf6 29. Kf4 h5 30. g3 Re5 31. Rxc7 Rxc7 32. Rxc7 Rxd5 33.
Rh7 Kg6 34. Rb7 Rb5 35. Rd7 Rb4+ 36. Ke3 f4+ 37. gxf4 Rxb2 38. Rxd6+ Kf5 39.
Rd5+ Kg6 40. Rg5+ Kf7 41. Rxh5 Rxa2 42. Rf5+ Kg7 43. Rg5+ Kf7 44. Rb5 Rxh2 45.
Rxb6 a4 46. Ra6 a3 47. Rxa3 Kf6 48. Ra6+ Kf5 1/2-1/2

[Event "Olomouc Chess Summer 2016- A Valoz Cup"]
[Site "Olomouc"]
[Date "2016.08.19"]
[Round "8.5"]
[White "Plat, Vojtech"]
[Black "Roy, Prantik"]
[Result "1-0"]
[WhiteElo "2503"]
[BlackElo "2403"]
[PlyCount "73"]
[EventDate "2016.08.13"]

1. d4 Nf6 2. c4 e6 3. g3 Bb4+ 4. Nd2 d5 5. Bg2 c6 6. Qc2 Nbd7 7. Ngf3 Ne4 8. a3
Nxd2 9. Nxd2 Bxd2+ 10. Bxd2 O-O 11. O-O dxc4 12. Qxc4 e5 13. dxe5 Nxe5 14. Qc3
Re8 15. Rad1 Bg4 16. Bf4 Qe7 17. f3 Bh5 18. Bxe5 Qxe5 19. Qxe5 Rxe5 20. g4 Bg6
21. f4 Rxe2 22. f5 Bxf5 23. gxf5 Rxb2 24. f6 Re8 25. Rd7 gxf6 26. Rxf6 Ree2 27.
Bf1 Rxh2 28. Rfxf7 Rh4 29. Bd3 Rbh2 30. Rg7+ Kf8 31. Rdf7+ Ke8 32. Rxb7 Rh1+
33. Kf2 R4h2+ 34. Ke3 Re1+ 35. Kd4 Kf8 36. Rbf7+ Ke8 37. Rxh7 1-0

[Event "Olomouc Chess Summer 2016-B1 Prima Pack "]
[Site "Olomouc"]
[Date "2016.08.19"]
[Round "8.1"]
[White "Pogan, Nikolas"]
[Black "Strebkovs, Andrejs"]
[Result "1/2-1/2"]
[WhiteElo "2232"]
[BlackElo "2285"]
[PlyCount "41"]
[EventDate "2016.08.13"]

1. c4 e6 2. Nf3 d5 3. g3 Nf6 4. Bg2 Be7 5. O-O O-O 6. d3 c5 7. b3 d4 8. e3 Nc6
9. exd4 cxd4 10. Re1 Bd6 11. Na3 e5 12. Nc2 Rb8 13. Rb1 Bg4 14. h3 Bh5 15. g4
Bg6 16. Nh4 Ne4 17. Bxe4 Qxh4 18. Qf3 a5 19. a3 Qf6 20. Qxf6 gxf6 21. Bd2
1/2-1/2

[Event "Olomouc Chess Summer 2016-B1 Prima Pack "]
[Site "Olomouc"]
[Date "2016.08.19"]
[Round "8.2"]
[White "Hoefelsauer, Thomas"]
[Black "Kulkarni, Bhakti"]
[Result "1/2-1/2"]
[WhiteElo "2342"]
[BlackElo "2363"]
[PlyCount "139"]
[EventDate "2016.08.13"]

1. c4 e6 2. Nf3 d5 3. d4 Nf6 4. Nc3 Be7 5. Bf4 O-O 6. e3 c6 7. h3 Nbd7 8. cxd5
exd5 9. Bd3 Re8 10. O-O Nf8 11. Qc2 Ng6 12. Bh2 Bd6 13. Bxd6 Qxd6 14. a3 a5 15.
Na4 Nd7 16. Rfc1 Ngf8 17. Qb3 g6 18. Qc3 Ne6 19. Ne5 Nxe5 20. dxe5 Qd8 21. Qb3
b5 22. Nc5 a4 23. Qb4 Qg5 24. Nxe6 Rxe6 25. f4 Qg3 26. Qe1 Qxe1+ 27. Rxe1 c5
28. Rac1 c4 29. Be2 Re7 30. Bf3 Be6 31. Rcd1 Rd7 32. Rd4 Rb8 33. Red1 b4 34. e4
dxe4 35. Rxd7 Bxd7 36. Bxe4 Be6 37. axb4 Rxb4 38. Bc6 Bf5 39. Rc1 Bd3 40. g4
Kf8 41. Rc3 Ke7 42. Ra3 Rxb2 43. Bxa4 Rb6 44. Rc3 Ke6 45. Kf2 g5 46. fxg5 Kxe5
47. Ke3 Rb2 48. Bd1 Rh2 49. Ra3 Rxh3+ 50. Bf3 Bc2 51. Ra5+ Kd6 52. Rd5+ Ke6 53.
Rd4 Bb3 54. Kf4 c3 55. Rd3 c2 56. Rc3 Kd6 57. Rc6+ Kd7 58. Rc5 Kd8 59. Be4 Rh2
60. Bf5 Ke7 61. Kg3 Re2 62. Bxh7 Kd6 63. Rc8 Re8 64. Rxc2 Bxc2 65. Bxc2 Rg8 66.
Kf4 Ke7 67. g6 Rc8 68. Bf5 Rc4+ 69. Kg5 fxg6 70. Bxg6 1/2-1/2

[Event "Olomouc Chess Summer 2016-B1 Prima Pack "]
[Site "Olomouc"]
[Date "2016.08.19"]
[Round "8.4"]
[White "Gusain, Himal"]
[Black "Wiley, Tom E"]
[Result "1-0"]
[WhiteElo "2453"]
[BlackElo "2239"]
[PlyCount "47"]
[EventDate "2016.08.13"]

1. e4 e6 2. d4 d5 3. Nc3 Bb4 4. e5 c5 5. a3 Bxc3+ 6. bxc3 Qc7 7. Qg4 f5 8. Qg3
Nc6 9. Nf3 cxd4 10. Bb5 dxc3 11. a4 h6 12. Ba3 Qf7 13. Nd4 Bd7 14. Bxc6 Bxc6
15. Nxe6 Qxe6 16. Qxg7 O-O-O 17. Qxh8 Qg6 18. O-O d4 19. f3 Rd7 20. e6 Rg7 21.
Rf2 Bxf3 22. Bf8 Qxg2+ 23. Rxg2 Rxg2+ 24. Kf1 1-0

[Event "Olomouc Chess Summer 2016-B1 Prima Pack "]
[Site "Olomouc"]
[Date "2016.08.19"]
[Round "8.5"]
[White "Cerveny, Martin"]
[Black "Mirzoeva, Elmira"]
[Result "0-1"]
[WhiteElo "2380"]
[BlackElo "2278"]
[PlyCount "96"]
[EventDate "2016.08.13"]

1. d4 d6 2. e4 Nf6 3. Nc3 Nbd7 4. Nf3 e5 5. Bc4 Be7 6. dxe5 Nxe5 7. Nxe5 dxe5
8. Qxd8+ Bxd8 9. Bg5 c6 10. O-O Bb6 11. Rab1 a5 12. a4 Nd7 13. b3 f6 14. Bd2
Nf8 15. Nd1 Ne6 16. Nb2 Nc5 17. Be3 Ba7 18. Rfe1 Bd7 19. c3 Ke7 20. b4 axb4 21.
cxb4 Nxa4 22. Bxa7 Rxa7 23. Nd3 Be6 24. Bxe6 Kxe6 25. b5 cxb5 26. Rec1 Rd8 27.
Nb4 Rd4 28. f3 Rc4 29. Nd5 Kd6 30. Rd1 Rd4 31. Rdc1 Rc4 32. Rd1 Kc5 33. Ne3 Nc3
34. Nxc4 bxc4 35. Ra1 Rxa1 36. Rxa1 Kd4 37. Ra7 b5 38. Rb7 Kd3 39. Kf1 Kd2 40.
h4 Ne2 41. Rxb5 c3 42. Rc5 Nf4 43. Rc7 c2 44. Kf2 c1=Q 45. Rxc1 Kxc1 46. g3 Nh5
47. f4 Kd2 48. Kf3 Kd3 0-1

[Event "Olomouc Chess Summer 2016-B2 Proclient C"]
[Site "Olomouc"]
[Date "2016.08.19"]
[Round "8.1"]
[White "Chkhaidze, Nikoloz"]
[Black "Biolek, Richard"]
[Result "0-1"]
[WhiteElo "2261"]
[BlackElo "2466"]
[PlyCount "63"]
[EventDate "2016.08.13"]

1. e4 e5 2. Nf3 Nc6 3. Bc4 Nf6 4. Ng5 d5 5. exd5 b5 6. Bf1 Nd4 7. c3 Nxd5 8.
cxd4 Qxg5 9. Bxb5+ Kd8 10. O-O Bb7 11. Qf3 exd4 12. d3 Qg6 13. Bc4 c6 14. Nd2
Qf6 15. Qxf6+ Nxf6 16. Bxf7 Bd6 17. Nc4 Bc7 18. Bd2 Ke7 19. Ba5 Bb8 20. Bb4+
Kxf7 21. Na5 Ba6 22. Nxc6 Bxd3 23. Rfd1 Be4 24. Nxb8 Raxb8 25. Rxd4 Rhd8 26.
Rad1 Rxd4 27. Rxd4 Bd5 28. a3 Rb5 29. f3 a5 30. Bd2 a4 31. Rb4 Rxb4 32. axb4
0-1

[Event "Olomouc Chess Summer 2016-B2 Proclient C"]
[Site "Olomouc"]
[Date "2016.08.19"]
[Round "8.2"]
[White "Klima, Lukas"]
[Black "Havlikova, Kristyna"]
[Result "1/2-1/2"]
[WhiteElo "2322"]
[BlackElo "2282"]
[PlyCount "158"]
[EventDate "2016.08.13"]

1. Nf3 Nf6 2. c4 g6 3. Nc3 Bg7 4. e4 c5 5. d4 cxd4 6. Nxd4 Nc6 7. Be3 O-O 8.
Be2 d6 9. O-O Bd7 10. Qd2 Nxd4 11. Bxd4 Bc6 12. f3 Nd7 13. Be3 a5 14. b3 Nc5
15. Rab1 Qb6 16. Rfc1 Rfc8 17. Rc2 h5 18. Nb5 Qd8 19. Nd4 Bd7 20. Rcc1 Kh7 21.
a3 Qh8 22. b4 axb4 23. axb4 Ne6 24. Nb3 Ra3 25. Kh1 Ba4 26. Bd1 Bxb3 27. Bxb3
Bd4 28. c5 Bxe3 29. Qxe3 dxc5 30. bxc5 Qe5 31. Qg1 Nd4 32. Bc4 Rxc5 33. Bxf7
Rac3 34. Rd1 Nb5 35. Qf1 Rc2 36. Bb3 R2c3 37. Bd5 Nd6 38. f4 Qg7 39. Qe1 b5 40.
e5 Nf5 41. Rxb5 Qf8 42. Rxc5 Rxc5 43. Be4 Qc8 44. h3 Rc4 45. Kh2 Kg7 46. Qe2
Rb4 47. Qd3 h4 48. Ra1 Qc4 49. Qxc4 Rxc4 50. Bxf5 gxf5 51. Rf1 Rc3 52. g4 hxg3+
53. Kg2 Kg6 54. Rb1 Kf7 55. Rb6 Ra3 56. Rh6 Kg7 57. Rh5 e6 58. Rg5+ Kh6 59. h4
Ra2+ 60. Kh3 Ra4 61. Kxg3 Ra3+ 62. Kf2 Ra2+ 63. Ke3 Ra4 64. Rg1 Kh5 65. Rg8
Kxh4 66. Rg6 Ra6 67. Kd4 Rc6 68. Rg8 Kh5 69. Rd8 Kg4 70. Rd6 Rc1 71. Rxe6 Kxf4
72. Re8 Rd1+ 73. Kc5 Kg3 74. e6 Re1 75. e7 f4 76. Kd6 f3 77. Rg8+ Kh2 78. e8=Q
Rxe8 79. Rxe8 f2 1/2-1/2

[Event "Olomouc Chess Summer 2016-B2 Proclient C"]
[Site "Olomouc"]
[Date "2016.08.19"]
[Round "8.3"]
[White "Pavlov, Sergey"]
[Black "Mager, Denis"]
[Result "1-0"]
[WhiteElo "2473"]
[BlackElo "2246"]
[PlyCount "57"]
[EventDate "2016.08.13"]

1. e4 c5 2. Nf3 d6 3. d4 cxd4 4. Nxd4 Nf6 5. f3 e5 6. Nb3 Be6 7. c4 Nc6 8. Be3
Be7 9. Nc3 O-O 10. Be2 Nh5 11. Qd2 g6 12. Nd5 f5 13. exf5 gxf5 14. O-O-O Rc8
15. Kb1 Kh8 16. Nxe7 Qxe7 17. Qxd6 Qf7 18. Nc5 Bxc4 19. Bxc4 Qxc4 20. Rc1 Qe2
21. Rhe1 Qxg2 22. Nd7 Rfd8 23. Rg1 Qxf3 24. Bg5 Rxd7 25. Qxd7 Rg8 26. Bh6 Qe4+
27. Ka1 Qc4 28. Rxc4 Rxg1+ 29. Rc1 1-0

[Event "Olomouc Chess Summer 2016-B2 Proclient C"]
[Site "Olomouc"]
[Date "2016.08.19"]
[Round "8.4"]
[White "Malek, Daniel"]
[Black "Tymrakiewicz, Rafal"]
[Result "1-0"]
[WhiteElo "2430"]
[BlackElo "2274"]
[PlyCount "43"]
[EventDate "2016.08.13"]

1. d4 g6 2. e4 Bg7 3. c4 d6 4. Nc3 Nf6 5. Nf3 O-O 6. Be2 e5 7. O-O exd4 8. Nxd4
Re8 9. f3 c6 10. Kh1 Nbd7 11. Bg5 Qb6 12. Nb3 a5 13. Qd2 a4 14. Be3 Qa5 15.
Nxa5 Rxa5 16. Nb5 Rxb5 17. cxb5 d5 18. exd5 Nxd5 19. Bd4 Bxd4 20. Qxd4 Rxe2 21.
Rae1 Rxe1 22. Rxe1 1-0

[Event "Olomouc Chess Summer 2016-B2 Proclient C"]
[Site "Olomouc"]
[Date "2016.08.19"]
[Round "8.5"]
[White "Nitish, Belurkar"]
[Black "Lkhamsuren, Uuganbayar"]
[Result "1-0"]
[WhiteElo "2269"]
[BlackElo "2123"]
[PlyCount "105"]
[EventDate "2016.08.13"]

1. d4 Nf6 2. c4 e6 3. Nc3 Bb4 4. Bg5 h6 5. Bh4 b6 6. Nf3 g5 7. Bg3 Ne4 8. Qc2
Bb7 9. Nd2 f5 10. Be5 Bxc3 11. bxc3 Rg8 12. f3 Nxd2 13. Qxd2 d6 14. Bg3 Nd7 15.
e3 Qf6 16. Bd3 O-O-O 17. O-O-O e5 18. Qc2 Rdf8 19. Qa4 a5 20. Rd2 h5 21. Rhd1
h4 22. Bf2 h3 23. c5 dxc5 24. gxh3 exd4 25. exd4 Rd8 26. dxc5 Bxf3 27. Bd4 Bxd1
28. Kxd1 Qg6 29. cxb6 cxb6 30. Qb5 Rgf8 31. Qa6+ Kb8 32. Rb2 Rf6 33. Kc1 Rd6
34. Qxa5 Rxd4 35. cxd4 Qc6+ 36. Kd2 Rc8 37. Qb4 Qc1+ 38. Ke2 Re8+ 39. Kf2 Qc7
40. Kg2 Qc6+ 41. Kg1 Qc1+ 42. Bf1 Qe3+ 43. Rf2 g4 44. hxg4 Re4 45. Qd6+ Kc8 46.
gxf5 Rxd4 47. Qg3 Qc1 48. f6 Qd1 49. h3 Rd6 50. f7 Nf8 51. Kh2 Rg6 52. Qc3+ Kb7
53. Bg2+ 1-0

[Event "Olomouc Chess Summer 2016-Open Olomouc"]
[Site "Olomouc"]
[Date "2016.08.19"]
[Round "8.1"]
[White "Chudinovskikh, Alexander M"]
[Black "Krejci, Jan"]
[Result "0-1"]
[WhiteElo "2258"]
[BlackElo "2496"]
[PlyCount "80"]
[EventDate "2016.08.13"]

1. d4 Nf6 2. Nf3 e6 3. c4 Bb4+ 4. Bd2 c5 5. a3 Bxd2+ 6. Qxd2 cxd4 7. Nxd4 O-O
8. Nc3 d5 9. cxd5 Nxd5 10. Rd1 Nxc3 11. Qxc3 Qe7 12. e3 e5 13. Nf3 Bg4 14. Be2
Nc6 15. O-O Rac8 16. Qe1 h6 17. Nd4 exd4 18. Bxg4 Rce8 19. Bf3 dxe3 20. Qxe3
Qxe3 21. fxe3 Re7 22. Bxc6 bxc6 23. Rd6 Rb8 24. b4 Rxe3 25. Rf3 Rxf3 26. gxf3
Rc8 27. Rd7 a5 28. bxa5 Ra8 29. Rc7 Ra6 30. Kf2 g6 31. Ke3 Kg7 32. Kd4 Rxa5 33.
Rxc6 Rxa3 34. f4 Ra2 35. h3 Ra4+ 36. Ke5 Ra3 37. Ke4 Rxh3 38. f5 Rh4+ 39. Kf3
g5 40. Kg3 Rf4 0-1

[Event "Olomouc Chess Summer 2016-Open Olomouc"]
[Site "Olomouc"]
[Date "2016.08.19"]
[Round "8.2"]
[White "Ilandzis, Spyridon"]
[Black "Kulkarni, Vinayak"]
[Result "0-1"]
[WhiteElo "2211"]
[BlackElo "2168"]
[PlyCount "116"]
[EventDate "2016.08.13"]

1. d4 d5 2. c4 c6 3. Nf3 Nf6 4. e3 Bf5 5. Nc3 a6 6. c5 Nbd7 7. Nh4 Be4 8. f3
Bg6 9. Nxg6 hxg6 10. f4 e6 11. Bd3 Be7 12. O-O b6 13. b4 a5 14. b5 bxc5 15.
bxc6 Nb6 16. dxc5 Bxc5 17. Na4 Nxa4 18. Qxa4 O-O 19. Bd2 Ng4 20. Rf3 Qh4 21. h3
Ne5 22. Be2 Nxf3+ 23. Bxf3 Qe7 24. Rb1 Rfc8 25. Be2 Qd6 26. Bb5 Bb4 27. Bc1 d4
28. Qd1 Qc5 29. Qd3 Rab8 30. a4 Bc3 31. Kf1 Qb6 32. exd4 Qxd4 33. Qxd4 Bxd4 34.
Bd2 Rxc6 35. Bxa5 Rc2 36. Be1 Bc3 37. Bxc3 Rxc3 38. Ke2 Ra3 39. Rc1 Rd8 40. Kf2
Rd2+ 41. Kg1 Raa2 42. Bc6 Rdc2 43. Rxc2 Rxc2 44. Bb5 Ra2 45. Kh2 Kf8 46. Kg3
Ke7 47. Kf3 f6 48. Bc6 g5 49. fxg5 fxg5 50. Kg4 Kf6 51. Kf3 Kf5 52. Be4+ Ke5
53. Bc6 Kd4 54. Kg4 e5 55. Kxg5 e4 56. g4 e3 57. Bb5 e2 58. Bxe2 Rxe2 0-1

[Event "Olomouc Chess Summer 2016-Open Olomouc"]
[Site "Olomouc"]
[Date "2016.08.19"]
[Round "8.3"]
[White "Kvisvik, Brede"]
[Black "Burnett, Andrew"]
[Result "1/2-1/2"]
[WhiteElo "2330"]
[BlackElo "2174"]
[PlyCount "100"]
[EventDate "2016.08.13"]

1. Nf3 Nf6 2. d4 g6 3. c4 Bg7 4. g3 O-O 5. Bg2 d6 6. O-O Nc6 7. Nc3 a6 8. d5
Na5 9. b3 c5 10. dxc6 Nxc6 11. Bf4 Qa5 12. Rc1 Bd7 13. Qd2 Rac8 14. Rfd1 b5 15.
Nd5 Qxd2 16. Nxf6+ Bxf6 17. Bxd2 Bg4 18. Bh6 Rfd8 19. h3 Bxf3 20. Bxf3 bxc4 21.
Bg4 c3 22. Bxc8 Rxc8 23. Rd5 Nb4 24. Ra5 d5 25. Kg2 c2 26. Ra4 a5 27. Rxa5 Bb2
28. Kf1 f6 29. Bd2 e5 30. Ke1 d4 31. Ra4 Bxc1 32. Bxc1 Rb8 33. Kd2 Kf7 34. Bb2
h5 35. a3 Nd5 36. Kxc2 h4 37. Ra7+ Ke6 38. Ra6+ Ke7 39. b4 hxg3 40. fxg3 g5 41.
Kd3 Rh8 42. Ke4 Ne3 43. Bc1 Nf1 44. g4 Rxh3 45. Kd5 d3 46. Ra7+ Kd8 47. exd3
Rxd3+ 48. Ke6 Rc3 49. Rd7+ Kc8 50. Rd1 Nh2 1/2-1/2

[Event "Olomouc Chess Summer 2016-Open Olomouc"]
[Site "Olomouc"]
[Date "2016.08.19"]
[Round "8.4"]
[White "Thakur, Akash"]
[Black "Kula, Dominik"]
[Result "1-0"]
[WhiteElo "2316"]
[BlackElo "2132"]
[PlyCount "85"]
[EventDate "2016.08.13"]

1. e4 c5 2. Nf3 d6 3. Bb5+ Nd7 4. d4 Ngf6 5. Nc3 cxd4 6. Qxd4 e5 7. Qd3 h6 8.
Be3 a6 9. Bxd7+ Bxd7 10. a4 Be7 11. Nd2 O-O 12. Nc4 Bc6 13. Nb6 Rb8 14. O-O Nd7
15. a5 Nxb6 16. Bxb6 Qc8 17. Rfd1 Qe6 18. Nd5 Rbc8 19. c4 Bxd5 20. exd5 Qg4 21.
Rac1 f5 22. f3 Qg6 23. c5 e4 24. Qb3 f4 25. Qc2 dxc5 26. Qxe4 Qd6 27. Kh1 Bf6
28. b3 Bd4 29. b4 Be3 30. bxc5 Bxc5 31. Bxc5 Rxc5 32. Rxc5 Qxc5 33. d6 Qxa5 34.
d7 Rd8 35. Qxb7 Qa4 36. Qd5+ Kh8 37. h3 Qb5 38. Qe6 Kh7 39. Qe4+ Kh8 40. Qe7
Qb8 41. Re1 Kh7 42. Qe4+ Kh8 43. Qg6 1-0

[Event "Olomouc Chess Summer 2016-Open Olomouc"]
[Site "Olomouc"]
[Date "2016.08.19"]
[Round "8.5"]
[White "Nishant, Malhotra"]
[Black "Al Argha, Hisham"]
[Result "1-0"]
[WhiteElo "2060"]
[BlackElo "2309"]
[PlyCount "63"]
[EventDate "2016.08.13"]

1. d4 Nf6 2. c4 e5 3. dxe5 Ng4 4. Nf3 Bc5 5. e3 Nc6 6. Be2 Ngxe5 7. Nbd2 O-O 8.
O-O d6 9. Nb3 Bb6 10. Bd2 Nxf3+ 11. Bxf3 Ne5 12. Be2 Qh4 13. Rc1 Be6 14. Qc2 a5
15. a4 Rfe8 16. Be1 Qh6 17. Nd4 Bd7 18. Rd1 Ng4 19. h3 Nf6 20. Bf3 Re5 21. Bxb7
Rae8 22. Bc6 Bxh3 23. gxh3 Rg5+ 24. Bg2 Qxh3 25. f4 Rg4 26. Rf3 Qh5 27. Qf5 Qh6
28. Bf2 g5 29. fxg5 Rxg5 30. Qxf6 Qh5 31. Nf5 Rg6 32. Ng3 1-0

[Event "Olomouc Chess Summer 2016-Open Olomouc"]
[Site "Olomouc"]
[Date "2016.08.19"]
[Round "8.6"]
[White "Bombek, Peter"]
[Black "Kalinowska, Zuzanna"]
[Result "1-0"]
[WhiteElo "2212"]
[BlackElo "1910"]
[PlyCount "70"]
[EventDate "2016.08.13"]

1. d4 Nf6 2. Nf3 e6 3. e3 b6 4. Bd3 Bb7 5. Nbd2 d5 6. O-O Bd6 7. Qe2 Ne4 8. Ne5
Nd7 9. Nxd7 Qxd7 10. f3 Nxd2 11. Bxd2 O-O 12. e4 c5 13. e5 c4 14. Bxc4 Bxe5 15.
dxe5 dxc4 16. Bb4 Rfc8 17. Rad1 Qa4 18. a3 a5 19. Bd6 Bd5 20. Rd4 Qc6 21. c3
Ra7 22. h4 f5 23. Qe3 Rf7 24. h5 Kh8 25. Kf2 Qb5 26. Qd2 Re8 27. Rh1 Qb3 28.
Rf4 Kg8 29. Rg1 Rd8 30. g4 fxg4 31. Rxf7 Kxf7 32. Rxg4 Kg8 33. Rxg7+ Kh8 34.
Rg4 Bxf3 35. Kxf3 Qb5 1-0

[Event "Olomouc Chess Summer 2016-Open Olomouc"]
[Site "Olomouc"]
[Date "2016.08.19"]
[Round "8.7"]
[White "Bukojemski, Adam"]
[Black "Olson, Hamish"]
[Result "1/2-1/2"]
[WhiteElo "2235"]
[BlackElo "2068"]
[PlyCount "129"]
[EventDate "2016.08.13"]

1. e4 c5 2. Nf3 Nc6 3. Nc3 g6 4. Be2 Bg7 5. O-O d6 6. d3 Nf6 7. Bg5 O-O 8. Qd2
Rb8 9. Bh6 b5 10. Bxg7 Kxg7 11. Rfe1 b4 12. Nd5 e5 13. Ne3 h6 14. c3 Re8 15.
Bf1 Ba6 16. Nc4 bxc3 17. bxc3 Bxc4 18. dxc4 Qc7 19. Rad1 Rbd8 20. Re3 Na5 21.
Nh4 Qc8 22. Rh3 Rh8 23. Bd3 Qe6 24. Qe2 Kf8 25. Re3 Qg4 26. Qxg4 Nxg4 27. Ree1
Ke7 28. Rb1 Rb8 29. Rb5 Nc6 30. Reb1 Rhd8 31. g3 Nf6 32. Ng2 Ke8 33. Ne3 Nd7
34. Nd5 Rdc8 35. Bc2 Kd8 36. f4 a6 37. Rxb8 Rxb8 38. Rxb8+ Ndxb8 39. f5 Na5 40.
Bd3 Nd7 41. Kg2 Nc6 42. Kf3 Ne7 43. Ne3 Nf6 44. Bc2 g5 45. h4 gxh4 46. gxh4
Neg8 47. Nf1 Kc7 48. Ng3 Kb6 49. Bd1 Kc7 50. Ke3 Kd8 51. Kd3 Ne7 52. Ke3 Nc8
53. Nf1 Nb6 54. Bb3 Kd7 55. Kf3 Kd8 56. Ne3 Ke7 57. Bd1 Nbd7 58. Ba4 Nb6 59.
Bc6 h5 60. Bb7 a5 61. Ba6 Kd8 62. Bb5 Kc7 63. Nf1 Nbd7 64. Ng3 Kc8 65. Nf1
1/2-1/2

[Event "Olomouc Chess Summer 2016-Open Olomouc"]
[Site "Olomouc"]
[Date "2016.08.19"]
[Round "8.8"]
[White "Haugsrud, Hakon"]
[Black "Gantsooj, Ganzorig"]
[Result "1/2-1/2"]
[WhiteElo "1969"]
[BlackElo "2164"]
[PlyCount "102"]
[EventDate "2016.08.13"]

1. e4 c5 2. c3 d5 3. exd5 Qxd5 4. d4 g6 5. Nf3 Nf6 6. c4 Qd8 7. Bf4 Bg7 8. Nc3
O-O 9. Be2 cxd4 10. Nxd4 a6 11. O-O Nbd7 12. Nf3 Qa5 13. a3 e5 14. b4 Qc7 15.
Bg5 h6 16. Bh4 b6 17. Rc1 Bb7 18. Qb3 Rac8 19. Rfd1 g5 20. Bg3 Ne4 21. Nxe4
Bxe4 22. c5 Qb7 23. Rd6 Rfd8 24. Rcd1 Bf8 25. Nxe5 Nxc5 26. bxc5 Bxd6 27. Rxd6
Rxd6 28. cxd6 Rc1+ 29. Bf1 Bxg2 30. f3 Bh3 31. Kf2 Be6 32. Qd3 Qc8 33. d7 Qd8
34. Qd6 b5 35. Bd3 Kg7 36. Ke2 Ra1 37. Be1 Ra2+ 38. Ke3 Qf6 39. Ng4 Qf4+ 40.
Qxf4 gxf4+ 41. Kxf4 Bxd7 42. Bc3+ Kf8 43. h4 Bxg4 44. fxg4 Kg8 45. Bb4 a5 46.
Bc5 b4 47. axb4 axb4 48. Ke3 b3 49. Bd4 Rg2 50. Kf3 Rh2 51. h5 Ra2 1/2-1/2

[Event "Olomouc Chess Summer 2016-Open Olomouc"]
[Site "Olomouc"]
[Date "2016.08.19"]
[Round "8.9"]
[White "Vilimova, Julie"]
[Black "Ockay, Tomas"]
[Result "0-1"]
[WhiteElo "1709"]
[BlackElo "2135"]
[PlyCount "144"]
[EventDate "2016.08.13"]

1. d4 f5 2. c4 e6 3. Nc3 Nf6 4. Bg5 Be7 5. e3 d5 6. Bxf6 Bxf6 7. g4 fxg4 8.
Qxg4 O-O 9. Qg2 c5 10. O-O-O cxd4 11. exd4 Nc6 12. Nf3 Qd6 13. Qg3 Qxg3 14.
fxg3 Rd8 15. cxd5 exd5 16. h3 Be6 17. g4 h6 18. Bg2 Rac8 19. Kb1 Bf7 20. Rhe1
Bg6+ 21. Kc1 Nb4 22. Kd2 Nd3 23. Re2 Nxb2 24. Rc1 Nd3 25. Rd1 Nf4 26. Rf2 Nxg2
27. Rxg2 Be4 28. Rf2 Rc4 29. Re1 Bxf3 30. Rxf3 Rxd4+ 31. Rd3 Rxd3+ 32. Kxd3 Kf7
33. Nb5 a6 34. Nd4 g6 35. Rb1 Rd7 36. Rb6 Bd8 37. Rb2 Re7 38. Rf2+ Kg7 39. Rb2
Kf7 40. Rf2+ Ke8 41. Rb2 Rf7 42. Re2+ Kd7 43. Re5 Rf6 44. Rxd5+ Rd6 45. Ke4 Bf6
46. Nf3 Kc6 47. Ra5 Re6+ 48. Kf4 Re2 49. h4 Rb2 50. g5 Rb4+ 51. Kg3 hxg5 52.
hxg5 Bd8 53. Ra3 Bc7+ 54. Kh3 Bf4 55. Rd3 Kc5 56. Rd7 b5 57. Rf7 a5 58. Nh4
Bxg5 59. Nxg6 Be3 60. Re7 Bd4 61. Nf4 Rb1 62. Re4 Kc4 63. Kg3 Rb2 64. Ne2 Rd2
65. Kf3 a4 66. Nc1 Rf2+ 67. Kg3 Rf1 68. Ne2 Rd1 69. Kf3 b4 70. Re8 Bc5 71. Ra8
Rd3+ 72. Kf4 Ra3 0-1

[Event "Olomouc Chess Summer 2016-Open Olomouc"]
[Site "Olomouc"]
[Date "2016.08.19"]
[Round "8.10"]
[White "Itgelt, Khuyagtsogt"]
[Black "Ulanowski, Karol"]
[Result "0-1"]
[WhiteElo "1921"]
[BlackElo "2133"]
[PlyCount "39"]
[EventDate "2016.08.13"]

1. e4 c5 2. Nf3 d6 3. d4 cxd4 4. Nxd4 Nf6 5. Nc3 a6 6. Be3 e6 7. f3 b5 8. Qd2
Nbd7 9. O-O-O Bb7 10. Bd3 b4 11. Nce2 d5 12. exd5 Bxd5 13. Nf4 Bc5 14. Nxd5
Nxd5 15. Nb3 Be7 16. h4 a5 17. Bb5 O-O 18. Nd4 Nc5 19. Bf4 Nxf4 20. Qxf4 0-1

[Event "Olomouc Chess Summer 2016-Open seniorù"]
[Site "Olomouc"]
[Date "2016.08.19"]
[Round "8.1"]
[White "Vorobyov, Yrij"]
[Black "Heppell, Ian N"]
[Result "1-0"]
[WhiteElo "2160"]
[BlackElo "2066"]
[PlyCount "72"]
[EventDate "2016.08.13"]

1. Nf3 d6 2. d4 Bg4 3. e4 Nf6 4. Nc3 e6 5. Be2 Be7 6. O-O O-O 7. Be3 d5 8. h3
Bh5 9. e5 Nfd7 10. Na4 c5 11. Nxc5 Nxc5 12. dxc5 Nd7 13. c4 dxc4 14. Bxc4 Nxe5
15. Qxd8 Nxf3+ 16. gxf3 Rfxd8 17. Kg2 Bg6 18. Rad1 a5 19. b3 h6 20. Bb5 Rac8
21. Rxd8+ Bxd8 22. Rc1 Be7 23. a3 Rd8 24. b4 Bd3 25. Bxd3 Rxd3 26. b5 Rxa3 27.
c6 bxc6 28. bxc6 Bd8 29. c7 Bxc7 30. Rxc7 Rd3 31. Ra7 Rd5 32. f4 Rf5 33. Kg3 e5
34. fxe5 Rxe5 35. Bb6 Rb5 36. Bxa5 Rc5 1-0

[Event "Olomouc Chess Summer 2016-Open seniorù"]
[Site "Olomouc"]
[Date "2016.08.19"]
[Round "8.2"]
[White "Hagara, Vladimir"]
[Black "Chrenko, Peter"]
[Result "0-1"]
[WhiteElo "1849"]
[BlackElo "1818"]
[PlyCount "80"]
[EventDate "2016.08.13"]

1. Nf3 Nf6 2. d4 g6 3. g3 Bg7 4. Bg2 O-O 5. O-O d6 6. Nbd2 Nbd7 7. e4 e5 8. c3
Re8 9. Re1 Rb8 10. a4 a5 11. dxe5 dxe5 12. Nb3 b6 13. Qc2 Ba6 14. h3 Qe7 15.
Be3 Bc4 16. Nfd2 Be6 17. Kh2 Nf8 18. Bf1 h5 19. Nf3 N6h7 20. Rad1 Red8 21. Rxd8
Rxd8 22. Rd1 Bf6 23. Rxd8 Qxd8 24. Nbd2 g5 25. Bc4 Qc8 26. Bxe6 Qxe6 27. Qb3
Qe7 28. Qc4 g4 29. Ng1 Bg5 30. Qd3 Ne6 31. Bxg5 Qxg5 32. h4 Qf6 33. Qe3 Kg7 34.
Ne2 Nhf8 35. Kg2 Ng6 36. f3 gxf3+ 37. Qxf3 Nef4+ 38. Nxf4 exf4 39. Qxh5 fxg3
40. Qg4 Qf2+ 0-1